Who Wants to Be a Millionaire: The respective million-dollar #4 - Statistics

General Stats
  • This quiz has been taken 10 times
  • The average score is 8 of 15
Answer Stats
Question Answer % Correct
What can you eat? Apple turnover
90%
Who is not one of Dorothy's companions in "The Wizard of Oz"? Nearly Headless Nick
90%
A popular subgenre of American folk music is called Country & ...? Western
80%
Which of these is not triggered by reflexes? Chewing
70%
Who is the name of the band Frankie Goes To Hollywood about? Frank Sinatra
70%
Unlike the spider, the fly is a...? Insect
70%
Which famous writer, a qualified architect, designed an open-air swimming pool in Zurich? Max Frisch
70%
Which outlaws did the old knights fear? Highwaymen
40%
According to popular belief, God punishes minor sins...? immediately
40%
What is the name of a class of vertebrates with more than 20,000 known species? Bony fishes
30%
What is the name of a canton in Switzerland? Freiburg
30%
Who was never Emperor of the Holy Roman Empire? Henry the Lion
30%
Tobacco belongs to the same plant family as the ...? Potato
20%
Especially in Northern Germany, tradition-conscious gourmets swear by "pears, ..."? Beans and bacon
10%
Against whom did Bonn prevail in the 1949 election for the capital of West Germany with a vote of 33:29? Frankfurt am Main
10%
No matching quizzes found
Score Distribution
Percent of People with Each Score
Percentile by Number Answered
Your Score History
You have not taken this quiz